BSOP header

救命飲食人體重建手冊:坎貝爾醫生給所有病患的指定讀物 = The Campbell Plan : (Record no. 40102)

MARC details
000 -LEADER
fixed length control field 02434cam a2200241 i 4500
001 - CONTROL NUMBER
control field 18475217
005 - DATE AND TIME OF LATEST TRANSACTION
control field 20160824201019.0
008 - FIXED-LENGTH DATA ELEMENTS--GENERAL INFORMATION
fixed length control field 150202s2015 pau b 001 0 eng
010 ## - LIBRARY OF CONGRESS CONTROL NUMBER
LC control number 2015003519
020 ## - INTERNATIONAL STANDARD BOOK NUMBER
International Standard Book Number 9789866191930.
100 1# - MAIN ENTRY--PERSONAL NAME
Personal name 湯馬斯‧坎貝爾 Campbell, Thomas M.,
Titles and other words associated with a name II
245 14 - TITLE STATEMENT
Title 救命飲食人體重建手冊:坎貝爾醫生給所有病患的指定讀物 = The Campbell Plan :
Remainder of title the simple way to lose weight and reverse illness, using the China Study's whole-food, plant-based diet {ch}/
Statement of responsibility, etc Thomas Campbell, MD, co-author of The China Study
264 ## - PRODUCTION, PUBLICATION, DISTRIBUTION, MANUFACTURE STATEMENTS
Place of production, publication, distribution, manufacture Taipei :
Name of producer, publisher, distributor, manufacturer <a href="柿子文化,">柿子文化,</a>
Date of production, publication, distribution, manufacture 2016.
300 ## - PHYSICAL DESCRIPTION
Extent 319 pages ;
Dimensions 21 cm
504 ## - BIBLIOGRAPHY, ETC. NOTE
Bibliography, etc Includes bibliographical references (pages 251-269) and index.
520 ## - SUMMARY, ETC.
Summary, etc "In the 1980s, T. Colin Campbell, PhD, co-directed a study of more than 4 dozen diseases and 367 items of socio-economic, lifestyle, nutrition, and genetic information across a population of 6,500 adults in rural china, generating more that 8,000 statistically significant associations. Those groundbreaking results, along with many other research projects described in the bestselling book, The China Study, support the theory that a whole-food, plant-based diet is linked to lower rates of chronic disease. More than a million people across the world have read The China Study and have been convinced by empirical evidence to adopt a whole-food, plant-based diet. The Campbell Plan goes beyond the why and shows readers how to make the transition--and enjoy the journey--with practical guidance and a simple plan to make a whole-food, plant-based lifestyle easy and sustainable.The Campbell Plan is full of the cutting-edge nutritional research that fans of The China Study have come to expect. Dr. Thomas Campbell speaks to the reader about health, weight loss, and the science behind it. He also addresses the biggest difficulties of transitioning to a plant-based diet; the most frequently asked questions he receives from patients, practitioners, and readers; and the most cutting-edge research in nutrition. The Campbell Plan's combination of practical tools and the research-based evidence of The China Study will change people's lives for generations to come"--
650 #0 - SUBJECT ADDED ENTRY--TOPICAL TERM
Topical term or geographic name as entry element Nutrition {ch}.
650 #0 - SUBJECT ADDED ENTRY--TOPICAL TERM
Topical term or geographic name as entry element Health {ch}.
650 #0 - SUBJECT ADDED ENTRY--TOPICAL TERM
Topical term or geographic name as entry element Vegetarianism {ch}.
650 #0 - SUBJECT ADDED ENTRY--TOPICAL TERM
Topical term or geographic name as entry element Self-care, Health {ch}.
942 ## - ADDED ENTRY ELEMENTS (KOHA)
Source of classification or shelving scheme Library of Congress Classification
Item type Books
Holdings
Withdrawn status Lost status Source of classification or shelving scheme Damaged status Not for loan Home library Current library Shelving location Date acquired Source of acquisition Cost, normal purchase price Inventory number Total Checkouts Full call number Barcode Date last seen Price effective from Koha item type
    Library of Congress Classification     BSOP Library BSOP Library Reference Chinese 08/24/2016   432.42 C-14697   RA784 C15c 2016 00047107 08/24/2016 08/24/2016 Books
BSOP

Biblical Seminary of the Philippines
  All rights Reserved
  © 2024

CONTACT INFORMATION

Biblical Seminary of the Philippines,
  77-B Karuhatan Road, Valenzuela City,
  PHILIPPINES 1441
  Phone: +632 8292-6795 / 8292-6798
  Fax : +632 8292-6675
  Email: library@bsop.edu.ph